000
00248nam a2200121Ia 4500
100
_a
#N/A
942
_c
BK
245
_a
Jain - Modelling & Simulation using MATLAB Simulink
260
_b
#N/A
082
_b
22244
546
_a
ENGLISH
999
_c
20917
_d
20917